Statistics for Country World Scramble

Click here to take the quiz!

General Stats

  • This quiz has been taken 1,549 times
  • The average score is 12 of 16

Answer Stats

Scrambled WordCountry Name% Correct
EICXMOMexico
97%
TICAVAN YITCVatican City
94%
YLATIItaly
91%
MIWBABEZZimbabwe
91%
ORGAUTPLPortugal
87%
ISASURRussia
87%
MARNEKDDenmark
83%
ZAKSKAHTANKazakhstan
82%
TONENEORGMMontenegro
81%
MANEGYRGermany
72%
RIKBIAITKiribati
69%
TEDINU ODINGMKUnited Kingdom
67%
TCOE D'IVERIOCote D'Ivoire
64%
ERIDNALIreland
59%
NIGEARENATArgentina
47%
SUILAARTAAustralia
47%

Score Distribution

Percentile by Number Answered

Percent of People with Each Score

Your Score History

You have not taken this quiz